000 nam a22 7a 4500
999 _c7851
_d7851
008 171028b xxu||||| |||| 00| 0 eng d
020 _a9788173716744
100 _aAnanthanarayan
_94323
245 _aTextbook of Microbiology
250 _a8th edition
260 _aHyderabad
_bUniversity Press
_c2009